000 00933nam a2200253 a 4500
001 BRCA_6606
005 20190320205526.0
008 081010c1964----ag-af#####---#000-0#spa-#
041 _aspa
044 _aag
050 4 _aND553
_b.P56 54 1964
245 1 0 _aVan der Weyden
_cmonografía por Alexander Duckers ; traducción por Jesús López Pacheco ; el juicio del siglo XX, por Julio E. Payró.
260 _aArgentina
_bCodex
_c[1964]
300 _a1 v. (sin paginación)
_bil., 16 láminas a color
_c36 cm.
440 0 _aPinacoteca de los genios : la más grandiosa colección de arte del mundo
_v54
_916510
500 _aIncluye índice de ilustraciones
500 _aDonación Dra. Elsa Barberena
600 1 4 _aVan der Weyden, Rogier
_d1399/1400-1464
_916511
700 1 _aDuckers, Alexander
_916512
700 1 _aPayró, Julio E.
_912065
700 1 _aLópez Pacheco, Jesús
_etr.
_916513
902 _aDEB
942 _2lcc
_cB
999 _c6290
_d6290